000 00528nas a2200169 a 4500
008 090527c20099999||||||||||||||||| || u
050 _aIBRD(05)DO
110 _aWorld Bank
245 1 0 _aDevelopment outreach: a new approach to aid effectiveness: delivering on the agenda for action
260 _aWashington, D. C.
_bWorld Bank
_c2009
300 _a47p. ;ill.
350 _a0.00
362 1 _aVol. 11, No. 1, February 2009
650 _aECONOMIC AID
650 0 _aAFRICA--ECONOMIC CONDITIONS
650 0 _aECONOMIC ASSISTANCE
999 _c40014
_d40014